Nick Pruitt
KCL A
Categories
History - American History | 0 | 5 | 2 | 0 | 40 | 62 | 92.00 | 1 | 5 |
Other | 0 | 3 | 0 | 1 | 30 | 53 | 88.00 | 1 | 1 |
Fine Arts - Other Fine Arts | 0 | 3 | 0 | 1 | 30 | 103 | 117.00 | 0 | 1 |
Literature - American Literature | 0 | 3 | 0 | 1 | 30 | 109 | 132.00 | 1 | 1 |
Religion | 0 | 1 | 0 | 0 | 10 | 104 | 104.00 | 0 | 0 |
Literature - World Literature | 0 | 1 | 0 | 0 | 10 | 125 | 125.00 | 0 | 1 |
History - Other History | 0 | 1 | 0 | 0 | 10 | 135 | 135.00 | 0 | 0 |
Social Science | 0 | 0 | 0 | 0 | 0 | 0.00 | 0 | 0 | |
Fine Arts - Painting & Sculpture | 0 | 0 | 0 | 0 | 0 | 0.00 | 0 | 0 | |
History - World History | 0 | 0 | 0 | 0 | 0 | 0.00 | 0 | 0 | |
Literature - British Literature | 0 | 0 | 0 | 0 | 0 | 0.00 | 0 | 0 | |
Science - Other Science | 0 | 0 | 0 | 0 | 0 | 0.00 | 0 | 0 | |
Fine Arts - Classical Music | 0 | 0 | 1 | 0 | -5 | 0.00 | 0 | 0 |